Statistics for Abel Santamaría Airport Destinations (Santa Clara, Cuba)

Click here to take the quiz!

General Stats

  • This quiz has been taken 10 times
    (5 since last reset)
  • The average score is 13 of 18

Answer Stats

AirlineDestination% Correct
Air Transat/Sunwing AirlinesHalifax
100%
Sunwing AirlinesHamilton (ON)
100%
IberojetMadrid
100%
American AirlinesMiami
100%
NeosMilan (Malpensa)
100%
Air Canada Rouge/Air Transat/OWG/Sunwing AirlinesMontreal (Trudeau)
100%
Air Transat/Sunwing AirlinesOttawa
100%
Copa AirlinesPanama City (Tocumen)
100%
Air Transat/Sunwing AirlinesQuebec City
100%
Air Canada Rouge/Air Transat/OWG/Sunwing AirlinesToronto (Pearson)
100%
VivaAerobusCancun
50%
Sunwing AirlinesFredericton
50%
VivaAerobusMerida
50%
Nordwind AirlinesMoscow (Sheremetyevo)
50%
World2FlyPrague
50%
World2FlyBratislava
0%
Aruba AirlinesManagua
0%
Sunwing AirlinesWindsor
0%

Score Distribution

Percentile by Number Answered

Percent of People with Each Score

Your Score History

You have not taken this quiz since the last reset